Zero-Point Hubris Science, Race, and Enlightenment in Eighteenth-Century Latin America (Record no. 1681941)

MARC details
000 -LEADER
fixed length control field 00731nam a2200265Ia 4500
005 - DATE AND TIME OF LATEST TRANSACTION
control field 20260302114252.0
008 - FIXED-LENGTH DATA ELEMENTS--GENERAL INFORMATION
fixed length control field 008 260114s9999 xx 000 0 eng d
020 ## - INTERNATIONAL STANDARD BOOK NUMBER
International Standard Book Number 9798881816308
037 ## - SOURCE OF ACQUISITION
Stock number Textbook
040 ## - CATALOGING SOURCE
Original cataloging agency CRL
040 ## - CATALOGING SOURCE
Language of cataloging eng
040 ## - CATALOGING SOURCE
Transcribing agency CRL
041 ## - LANGUAGE CODE
Source of code eng
041 ## - LANGUAGE CODE
Language code of text/sound track or separate title eng
084 ## - COLON CLASSIFICATION NUMBER
Assigning agency CRL
100 ## - MAIN ENTRY--PERSONAL NAME
Personal name Santiago Castro-Gómez
9 (RLIN) 1118271
245 #0 - TITLE STATEMENT
Title Zero-Point Hubris Science, Race, and Enlightenment in Eighteenth-Century Latin America
260 ## - PUBLICATION, DISTRIBUTION, ETC.
Name of publisher, distributor, etc. Bloomsbury
260 ## - PUBLICATION, DISTRIBUTION, ETC.
Name of publisher, distributor, etc. Rowman & Littlefield
260 ## - PUBLICATION, DISTRIBUTION, ETC.
Date of publication, distribution, etc. 2021
650 ## - SUBJECT ADDED ENTRY--TOPICAL TERM
Topical term or geographic name entry element Philosophy
856 ## - ELECTRONIC LOCATION AND ACCESS
Uniform Resource Identifier <a href="https://doi.org/10.5040/9798881816308?locatt=label:secondary_bloomsburyCollections">https://doi.org/10.5040/9798881816308?locatt=label:secondary_bloomsburyCollections</a>
942 ## - ADDED ENTRY ELEMENTS (KOHA)
Koha item type eBooks
Holdings
Withdrawn status Lost status Damaged status Not for loan Home library Current library Date acquired Total Checkouts Barcode Date last seen Price effective from Koha item type
        Central Library Central Library 2026-03-02   CL1974664 2026-03-02 2026-03-02 eBooks
Copyright @ Delhi University Library System